Central Library OPAC University of Rajshahi

The Impact of Creative Question in Developing the Creativity of the School students Applying Participatory Approaches in Rajshahi District / (Record no. 81302)

MARC details
000 -LEADER
fixed length control field 01128nam a2200253 a 4500
001 - CONTROL NUMBER
RUCL Control Number 81302
003 - CONTROL NUMBER IDENTIFIER
rucl marc code BD-RjUL
005 - DATE AND TIME OF LATEST TRANSACTION
control field 20240118110940.0
008 - FIXED-LENGTH DATA ELEMENTS--GENERAL INFORMATION
fixed length control field 230322s2018 bg a|||| m||| 00| 0 eng d
035 ## - SYSTEM CONTROL NUMBER
system control number (BD-RjUL)81302
040 ## - CATALOGING SOURCE
Original cataloging agency BD-RjUL
Language of cataloging eng
Transcribing agency BD-RjUL
Modifying agency BD-RjUL
041 ## - LANGUAGE CODE
Language code of Book eng
082 ## - DEWEY DECIMAL CLASSIFICATION NUMBER
DDC Edition number 23
Classification number 371.5
Author mark and Year ALI 2018
100 ## - MAIN ENTRY--PERSONAL NAME
Personal name ALI, MD. SHOWKAT
9 (RLIN) 5369
245 ## - TITLE STATEMENT
Title The Impact of Creative Question in Developing the Creativity of the School students Applying Participatory Approaches in Rajshahi District /
Statement of responsibility, etc MD. SHOWKAT ALI ;
Name of Supervisor/Co-Supervisor Principal Supervisor : Md. Zahidul Hassan, Co-Supervisor : Md. Abu Hanif Shaikh.
260 ## - PUBLICATION, DISTRIBUTION, ETC. (IMPRINT)
Place of publication, distribution, etc Rajshahi :
Name of publisher, distributor, etc Institute of Education and Research, University of Rajshahi,
Date of publication, distribution, etc 2018.
300 ## - PHYSICAL DESCRIPTION
Pagination [5], xiv, 193 leaves :
Other physical details ill.;
Dimensions 29 cm.
502 ## - DISSERTATION NOTE
Dissertation note Thesis(Ph.D.)-- Institute of Education and Research,University of Rajshahi,2018
504 ## - BIBLIOGRAPHY, ETC. NOTE
Bibliography, etc References : Leaves 162-165
650 ## - SUBJECT ADDED ENTRY--TOPICAL TERM
Topical term or geographic name as entry element Special education
General subdivision School discipline
Geographic subdivision Rajshahi Dristrict
9 (RLIN) 7199
700 ## - ADDED ENTRY--SUPERVISOR/CO-SUPERVISOR NAME
Personal name Hassan, Md. Zahidul, Principal Supervisor
9 (RLIN) 6472
Personal name Shaikh, Md. Abu Hanif, Co-Supervisor
9 (RLIN) 7200
942 ## - ADDED ENTRY ELEMENTS (KOHA)
Source of classification or shelving scheme Dewey Decimal Classification
Koha item type Theses
Holdings
Source of classification or shelving scheme Damaged status Not for loan Collection code Permanent Location Current Location Shelving location Date of accession Source of acquisition Total Checkouts Full call number Barcode Date last seen Copy number Thesis
Dewey Decimal Classification   Not For Loan Theses Central Library, University of Rajshahi Central Library, University of Rajshahi Documentation Section 15/12/2021 Controller of Exam. R.U.   THE 371.5 ALI 2018 D4422 22/03/2023 C-1 Theses